Várady Lajos Elemi iskolai nevelés gyakorlati szempontból /

Elmentve itt :
Bibliográfiai részletek
Szerzők: H. Fekete Péter
Várady Lajos
Dokumentumtípus: Cikk
Megjelent: 1910
Sorozat:Magyar pedagógia : a Magyar Tudományos Akadémia Pedagógiai Bizottságának folyóirata 19
Kulcsszavak:Neveléstörténet magyar 19-20. sz., Pedagógia magyar 19-20. sz., Nevelés
Online Access:http://misc.bibl.u-szeged.hu/8642
LEADER 00771nab a2200193 i 4500
001 misc8642
005 20191106143818.0
008 170607s1910 hu o 0|| hun d
022 |a 0025-0260 
040 |a SZTE Miscellanea Repozitórium  |b hun 
041 |a hun 
100 2 |a H. Fekete Péter 
245 1 0 |a Várady Lajos  |h [elektronikus dokumentum] :  |b Elemi iskolai nevelés gyakorlati szempontból /  |c  H. Fekete Péter 
260 |c 1910 
300 |a 173-175 
490 0 |a Magyar pedagógia : a Magyar Tudományos Akadémia Pedagógiai Bizottságának folyóirata  |v 19 
695 |a Neveléstörténet magyar 19-20. sz., Pedagógia magyar 19-20. sz., Nevelés 
700 0 1 |a Várady Lajos  |e aut 
856 4 0 |u http://misc.bibl.u-szeged.hu/8642/1/mp_1910_1493_173-175.pdf  |z Dokumentum-elérés